000 01156nam a2200337 a 4500
999 _c9942
_d9942
001 9942
003 BD - JhCC
005 20180403183732.0
008 180403s2003 enkaco 001 0aeng
020 _a0747255156
035 _a(UkLCURL)b50747255156
_a(BD - JhCC)9942
040 _aBDS
_dBLCMP:GW
_dBD - JhCC
041 _aeng
082 1 4 _a973.929092
_221
_bCLI 2003
100 1 _aClinton, Hillary Rodham.
245 1 0 _aLiving history /
_cHillary Rodham Clinton.
260 _aLondon :
_bHeadline,
_c2003.
300 _axi, 562 p., [32] p of plates :
_bill., ports. ;
_c24 cm.
500 _aFirst published in 2003 by Simon & Schuster Inc.
504 _aIncludes index.
600 1 0 _aClinton, Hillary Rodham.
600 1 0 _aClinton, Bill,
_d1946-
610 1 0 _aUnited States.
_bCongress.
_bSenate
650 0 _aPresidents' spouses
_zUnited States
_vBiography.
650 0 _aWomen legislators
_zUnited States
_vBiography.
650 0 _aLegislators
_zUnited States
_vBiography.
651 0 _aUnited States
_xPolitics and government
_y1993-2001.
651 0 _aUnited States
_xPolitics and government
_y2001-2009
942 _2ddc
_cREF